000 00503nam a22001817a 4500
999 _c171570
_d171570
005 20200115144608.0
010 _aENG-127431
020 _a9789386797759
_c399.00
035 _aEN-110963
037 _bDBAD/PUB
082 _aN
100 _aKhan,Awais
245 _aIn the company of strangers
_cby Awais Khan
260 _aNew Delhi
_bSimon & Schuster
_c2019
270 _a818,Indraprakash building,21Barakhamba Road
_bNew Delhi
_e110001
300 _a271p.
_c22cm(pbk)
942 _2ddc
_cEN
_hN
_mKHA